Apple Music Top 100 Albums - Statistics

General Stats
  • This quiz has been taken 70 times
  • The average score is 32 of 100
Answer Stats
Position Answer Artist % Correct
2. Thriller Michael Jackson
85%
3. Abbey Road The Beatles
73%
5. Blonde Frank Ocean
73%
4. Purple Rain Prince
73%
1. The Miseducation of Lauryn Hill Lauryn Hill
73%
7. good kid m.A.A.d city Kendrick Lamar
63%
18. 1989 Taylor Swift
60%
8. Back to Black Amy Winehouse
60%
9. Nevermind Nirvana
60%
12. OK Computer Radiohead
60%
15. 21 Adele
58%
26. My Beautiful Dark Twisted Fantasy Kanye West
55%
92. Flower Boy Tyler, The Creator
53%
11. Rumours Fleetwood Mac
53%
98. ASTROWORLD Travis Scott
52%
10. Lemonade Beyoncé
52%
28. The Dark Side of the Moon Pink Floyd
52%
59. AM Arctic Monkeys
47%
6. Songs in the Key of Life Stevie Wonder
47%
72. SOS SZA
47%
70. Straight Outta Compton N.W.A
47%
90. Back in Black AC/DC
45%
99. Hotel California Eagles
45%
36. BEYONCE Beyoncé
43%
39. Illmatic Nas
43%
80. The Marshall Mathers LP Eminem
43%
21. Revolver The Beatles
42%
47. Take Care Drake
42%
13. The Blueprint JAY-Z
42%
30. WHEN WE ALL FALL ASLEEP, WHERE DO WE GO? Billie Eilish
42%
33. Kid A Radiohead
40%
19. The Chronic Dr. Dre
40%
16. Blue Joni Mitchell
38%
20. Pet Sounds The Beach Boys
38%
32. Ready to Die The Notorious B.I.G
38%
55. ANTI Rihanna
37%
84. Doggystyle Snoop Dogg
37%
17. What's Going On Marvin Gaye
37%
41. Aquemini Outkast
35%
29. The Low End Theory A Tribe Called Quest
35%
69. Master of Puppets Metallica
33%
23. Discovery Daft Punk
32%
50. Hounds of Love Kate Bush
32%
22. Born to Run Bruce Springsteen
30%
37. Enter the Wu-Tang (36 Chambers) Wu-Tang Clan
30%
34. It Takes a Nation of Millions to Hold Us Back Public Enemy
30%
49. The Joshua Tree U2
30%
66. The Queen is Dead The Smiths
30%
62. All Eyez on Me 2Pac
28%
63. Are You Experienced The Jimi Hendrix Experience
28%
82. Get Rich or Die Tryin' 50 Cent
28%
35. London Calling The Clash
28%
24. The Rise and Fall of Ziggy Stardust and the Spiders from Mars David Bowie
28%
60. The Velvet Underground & Nico The Velvet Underground & Nico
28%
52. Appetite for Destruction Guns N' Roses
27%
79. Norman Fucking Rockwell! Lana Del Ray
27%
31. Jagged Little Pill Alanis Morissette
25%
27. Led Zeppelin II Led Zeppelin
25%
89. The Fame Monster Lady Gaga
25%
67. Dummy Portishead
23%
78. Goodbye Yellow Brick Road Elton John
23%
44. Innervisions Stevie Wonder
23%
68. Is This It The Strokes
23%
25. Kind of Blue Miles Davis
23%
96. Pure Heroin Lorde
23%
57. Voodoo D'Angelo
23%
56. Disintegration The Cure
22%
45. Homogenic Björk
22%
14. Highway 61 Revisited Bob Dylan
20%
43. Remain in Light Talking Heads
20%
38. Tapestry Carole King
20%
73. Aja Steely Dan
18%
46. Exodus Bob Marley & The Wailers
18%
61. Love Deluxe Sade
18%
65. 3 Feet High and Rising De La Soul
17%
54. A Love Supreme John Coltrane
17%
64. Baduizm Erykah Badu
17%
77. Like a Prayer Madonna
17%
42. Control Janet Jackson
15%
53. Exile on Main St. The Rolling Stones
15%
83. Horses Patti Smith
15%
48. Paul's Boutique Beastie Boys
15%
97. Race Against the Machine Race Against the Machine
15%
87. Blue Lines Massive Attack
13%
95. Confessions USHER
13%
51. Sign O' the Times Prince
13%
74. The Downward Spiral Nine Inch Nails
13%
85. Golden Hour Kacey Musgraves
12%
58. Morning Glory? Oasis
12%
76. Un Verano Sin Ti Bad Bunny
12%
93. A Seat at the Table Solange
10%
100. Body Talk Robyn
10%
40. I Never Loved a Man the Way I Love You Aretha Franklin
10%
88. I Put a Spell on You Nina Simone
10%
75. Supa Dupa Fly Missy Elliott
10%
71. Trans-Europe Express Kraftwerk
10%
94. Untrue Burial
10%
81. After the Gold Rush Neil Young
8%
91. Listen Without Prejudice George Michael
8%
86. My Life Mary J. Blige
3%
No matching quizzes found
Score Distribution
Percent of People with Each Score
Percentile by Number Answered
Your Score History
You have not taken this quiz